000 02037nam a22003737i 4500
003 OSt
005 20240508073818.0
007 ta
008 210217e2020 dr ac|||r||||z001 jdspa d
020 _a9789945613117 (obra completa)
020 _a 978-9945-613-12-4 (v.1)
020 _a9789945613131 (v.2)
040 _aDO-SdBNP
_bspa
_cBNPHU
_erda
041 _hspa
082 4 _a972.93697
_bH557v
100 1 _96902
_aHernández Figueroa, Alfredo Rafael.
245 1 3 _aVida social y cultural de la Vega en la primera mitad del siglo XX :
_bsegún el periódico el progreso /
_cAlfredo Rafael Hernández Figueroa ; presentación Juan Francisco Domínguez Novas
264 _aSanto Domingo :
_bArchivo General de la Nación,
_c2020
300 _a2 volumenes
_bilustrciones, retratos ;
_c22 cm.
336 _2rdacontent
_atexto
_btxt
337 _2rdamedia
_asin mediación
_bn
338 _2rdacarrier
_avolumen
_bnc
490 0 _aArchivo General de la Nación ;
_v327
500 _aIncluye índice onomástico.
500 _aIncluye referencias bibliográficas y notas al pie de las páginas
500 _aIncluye datos biográficos del autor en la solapas
505 0 _tv.1:
_tPresentación.
_tNota introductoria
_tCapítulo I. Sociedad y el teatro de la progresista
_tCapítulo II. Sociedad amor al estudio, cultura y los nuevos.
_tCapítulo III. Teatro Rívoli y las fiestas patronales
_tCapítulo IV. Carnaval social de los clubes de primera
_tCapítulo V. El feminismo en la Vega
505 0 _tv.2.
_tCapítulo VI. Vida social en La Vega.
_tCapítulo VII. Los juegos florales 1915 y 1924
_tCapítulo VIII. Ideas antimperialistas socialistas en La Vega
_tCapítulo IX. La presencia de refugiados españoles en La Vega a partir de 1940.
651 4 _aLa Vega (República Dominicana)
_xVida social y costumbres
_ySiglo XX
_977856
651 0 _a Concepción de la Vega (Republica Dominicana )
_92180
700 1 _aDomínguez Novas, Juan Francisco
_973382
910 _aValidado, Control de calidad MFF
942 _2ddc
_cLBS1
999 _c49396
_d49396